The nanobiotechnology handbook / (رقم التسجيلة. 36277)
[ عرض عادي ]
| 000 -الفاتح | |
|---|---|
| حقل البيانات ثابتة الطول | 01000cam a2200325 a 4500 |
| 001 - رقم الضبط | |
| رقم الضبط | 17292669 |
| 003 - محدد رقم الضبط | |
| رقم الضبط | OSt |
| 005 - وقت وتاريخ اخر تعامل مع التسجيلة | |
| رقم الضبط | 20150408114230.0 |
| 008 - عناصر البيانات ثابتة الطول - معلومات عامة | |
| حقل البيانات ثابتة الطول | 120508s2013 flua b 001 0 eng |
| 010 ## - رقم ضبط مكتبة الكونجرس | |
| رقم ضبط مكتبة الكونجرس | 2012018947 |
| 020 ## - الرقم الدولى المعيارى للكتب | |
| الرقم الدولى المعيارى للكتاب | 9781439838693 (alk. paper) |
| 035 ## - رقم ضبط النظام | |
| رقم ضبط النظام | (DNLM)101583742 |
| 040 ## - مصدر الفهرسة | |
| وكالة الفهرسة الأصلية | DNLM/DLC |
| وكالة النسخ | DLC |
| 042 ## - رمز التحقق | |
| رمز التحقق | pcc |
| 050 00 - رقم طلب مكتبة الكونجرس | |
| رقم التصنيف | R857.N34 |
| رقم المادة | N36 2013 |
| 060 10 - رقم الطلب بالمكتبة الطبية الوطنية | |
| رقم التصنيف | QT 36.5 |
| 082 00 - رقم تصنيف ديوى العشرى | |
| رقم التصنيف | 610.28 |
| رقم الطبعة | 23 |
| رقم المادة | NAG |
| 245 04 - بيان العنوان | |
| العنوان | The nanobiotechnology handbook / |
| بيان المسئوليه,etc | editor, Yubing Xie. |
| 260 ## - PUBLICATION, DISTRIBUTION, ETC. (IMPRINT) | |
| مكان الناشر او الموزع | Boca Raton : |
| اسم الناشر او الموزع | Taylor & Francis/CRC Press, |
| تاريخ النشر أو التوزيع | c2013. |
| 300 ## - الوصف المادى | |
| التعداد | xx, 672 p. : |
| تفاصيل ماديه اخرى للوعاء | ill. ; |
| أبعاد الوعاء | 26 cm. + |
| المادة المصاحبة | 1 CD-ROM (4 3/4 in.) |
| 504 ## - تبصرة ببليوجرافية | |
| تبصرة ببليوجرافية,الخ | Includes bibliographical references and index. |
| 650 12 - المدخل الاضافى بالموضوع-مصطلح موضوعى | |
| مصطلح موضوعي أو اسم جغرافي كعنصر مدخل | Nanotechnology |
| التقسيم الفرعي العام | methods. |
| 650 22 - المدخل الاضافى بالموضوع-مصطلح موضوعى | |
| مصطلح موضوعي أو اسم جغرافي كعنصر مدخل | Biomimetics |
| التقسيم الفرعي العام | methods. |
| 650 22 - المدخل الاضافى بالموضوع-مصطلح موضوعى | |
| مصطلح موضوعي أو اسم جغرافي كعنصر مدخل | Nanostructures. |
| 650 #0 - المدخل الاضافى بالموضوع-مصطلح موضوعى | |
| مصطلح موضوعي أو اسم جغرافي كعنصر مدخل | Nanobiotechnology. |
| 700 1# - المدخل الاضافى - اسم شخصى | |
| الإسم الشخصى | Xie, Yubing. |
| 906 ## - عنصر بيانات محلى F, LDF (RLIN) | |
| a | 7 |
| b | cbc |
| c | orignew |
| d | 1 |
| e | ecip |
| f | 20 |
| g | y-gencatlg |
| 942 ## - عناصر المدخل الإضافي( كوها) | |
| مصدر التصنيف او مخطط الترفيف | Dewey Decimal Classification |
| Koha [default] item type | كتاب |
| حالة الفقد | نموذج السعر الفعال | حالة تلف | ليس للاعارة | رقم الطلب | تاريخ الاكتساب | الموقع الحالي | الباركود | الفرع الرئيسي | Date last seen | نوع المادة فى نظام كوها | مصدر التصنيف او خطة الترفيف | Total Checkouts |
|---|---|---|---|---|---|---|---|---|---|---|---|---|
| 2014-10-25 | 610.28 NAG | 2014-10-25 | المكتبة المركزية بالمجمعة (CL) | 00405953 | المكتبة المركزية بالمجمعة (CL) | 2014-10-25 | كتاب | Dewey Decimal Classification | ||||
| 2014-10-25 | 610.28 NAG | 2014-10-25 | المكتبة المركزية بالمجمعة (CL) | 00405954 | المكتبة المركزية بالمجمعة (CL) | 2014-10-25 | كتاب | Dewey Decimal Classification | ||||
| 2014-10-25 | 610.28 NAG | 2014-10-25 | المكتبة المركزية بالمجمعة (CL) | 00405955 | المكتبة المركزية بالمجمعة (CL) | 2014-10-25 | كتاب | Dewey Decimal Classification |
